Loại hình các ngôn ngữ
Khái niệm về loại hình học. Khái niệm về các loại hình ngôn ngữ. Sơ lược về lịch sử ngành loại hình học. Loại hình ngôn ngữ đơn lập. Vị trí của tiếng Việt trong loại hình ngôn ngữ đơn lập
Bewaard in:
| Hoofdauteur: | |
|---|---|
| Formaat: | Boek |
| Taal: | Vietnamese |
| Gepubliceerd in: |
H.
Đại học và trung học chuyên nghiệp
1982
|
| Onderwerpen: | |
| Tags: |
Voeg label toe
Geen labels, Wees de eerste die dit record labelt!
|
| Thư viện lưu trữ: | Mạng thư viện Đại học Đà Nẵng |
|---|
| LEADER | 01412nam a22003738a 4500 | ||
|---|---|---|---|
| 001 | 000007675 | ||
| 003 | 3838 | ||
| 005 | 20111011101044.0 | ||
| 008 | 111011s1982 b 000 0 vieod | ||
| 020 | |c 6đ |d 6.000b | ||
| 041 | 0 | |a vie | |
| 082 | |a 401 |b XT-N | ||
| 084 | |a V1 |b L404H | ||
| 100 | 1 | |a Xtankêvich N.V | |
| 245 | 1 | 0 | |a Loại hình các ngôn ngữ |c N.V. Xtankêvich |
| 260 | |a H. |b Đại học và trung học chuyên nghiệp |c 1982 | ||
| 300 | |a 275tr |c 19cm | ||
| 520 | |a Khái niệm về loại hình học. Khái niệm về các loại hình ngôn ngữ. Sơ lược về lịch sử ngành loại hình học. Loại hình ngôn ngữ đơn lập. Vị trí của tiếng Việt trong loại hình ngôn ngữ đơn lập | ||
| 653 | |a ngôn ngữ | ||
| 653 | |a tiếng Việt | ||
| 653 | |a loại hình học | ||
| 653 | |a ngôn ngữ đơn lập | ||
| 653 | |a Nghiên cứu ngôn ngữ | ||
| 910 | |a Lai Thi Minh Phuong |d 11/10/2011 | ||
| OWN | |a LSP | ||
| AVA | |a UDN50 |b LSP |d 401 XT-N |e available |t Error 5001 Not defined in file expand_doc_bib_avail. |f 6 |g 1 |h N |i 0 |k 1 | ||
| 999 | |a From the UDN01 | ||
| AVA | |a UDN50 |b LSP |d 401 XT-N |e available |t Error 5001 Not defined in file expand_doc_bib_avail. |f 6 |g 1 |h N |i 0 |k 1 | ||
| TYP | |a Monograph | ||
| TYP | |a Printed language | ||
| 980 | |a Mạng thư viện Đại học Đà Nẵng | ||